| 000 | 01066cam a2200289 a 4500 | ||
|---|---|---|---|
| 020 | _a9780078110931 (alk. paper) | ||
| 020 | _a0078110939 | ||
| 040 | _cDLC | ||
| 082 | 0 | 0 | _a657 MCG 2013 A115 Or. |
| 100 | 1 | _aReck, Jacqueline L. | |
| 245 | 1 | 0 | _aAccounting for governmental & nonprofit entities / |
| 246 | 3 | _aAccounting for governmental and nonprofit entities | |
| 250 | _a16th ed. | ||
| 260 |
_aNew York : _bMcGraw-Hill/Irwin, _cc2013. |
||
| 300 |
_axvii, 782 p. : _bill. ; _c26 cm. |
||
| 500 | _aRev. ed. of: Accounting for governmental and nonprofit entities / Earl R. Wilson, Jacqueline L. Reck, Susan C. Kattelus. 15th ed. c2010. | ||
| 500 | _aIncludes index. | ||
| 650 | 0 | _aFinance, Public | |
| 650 | 0 | _aNonprofit organizations | |
| 650 | 0 | _aNonprofit organizations | |
| 700 | 1 | _aLowensohn, Suzanne L. | |
| 700 | 1 | _aWilson, Earl Ray, | |
| 700 | 1 | _aWilson, Earl Ray, | |
| 856 | 4 | 2 | _uhttp://www.loc.gov/catdir/enhancements/fy1205/2011042434-d.html |
| 856 | 4 | 1 | _uhttp://www.loc.gov/catdir/enhancements/fy1308/2011042434-t.html |
| 942 | _cAEDBB | ||
| 999 |
_c17474 _d17474 |
||